[Event "Zupanja op-A 2nd"]
[Site "Zupanja"]
[Date "2008.01.06"]
[Round "5"]
[White "Miladinovic, Igor"]
[Black "Savic, Miodrag R"]
[Result "1-0"]
[WhiteElo "2604"]
[BlackElo "2536"]
[PlyCount "59"]
[EventDate "2008.01.03"]
[EventType "swiss"]
[EventRounds "9"]
[EventCountry "CRO"]
[SourceTitle "CBM 122 Extra"]
[Source "ChessBase"]
[SourceDate "2008.03.04"]
[SourceVersion "1"]
[SourceVersionDate "2008.03.04"]
[SourceQuality "1"]

1. d4 Nf6 2. Bg5 e6 3. e3 h6 4. Bh4 c5 5. c3 Be7 6. Nd2 d6 7. Bb5+ Nbd7 8. Ngf3
O-O 9. O-O Qc7 10. e4 Rd8 11. Qe2 Nf8 12. Bd3 Nh5 13. Bxe7 Qxe7 14. g3 e5 15.
Ne1 Nf6 16. d5 g5 17. Ng2 Ng6 18. Ne3 Bh3 19. Qf3 Bxf1 20. Rxf1 Ne8 21. Qh5 Qf8
22. Ng4 Kh7 23. h4 f6 24. Bb5 a6 25. Bxe8 Rxe8 26. Nc4 gxh4 27. Nxd6 Qxd6 28.
Qxh6+ Kg8 29. Qxg6+ Kf8 30. Nh6 1-0

[Event "CRO-chT1B"]
[Site "Sibenik"]
[Date "2007.09.28"]
[Round "4"]
[White "Miladinovic, Igor"]
[Black "Ftacnik, Lubomir"]
[Result "1-0"]
[WhiteElo "2605"]
[BlackElo "2567"]
[PlyCount "67"]
[EventDate "2007.09.25"]
[EventType "team"]
[EventRounds "9"]
[EventCountry "CRO"]
[SourceTitle "CBM 120 Extra"]
[Source "ChessBase"]
[SourceDate "2007.11.01"]
[SourceVersion "1"]
[SourceVersionDate "2007.11.01"]
[SourceQuality "1"]

1. d4 Nf6 2. Bg5 Ne4 3. Bf4 d5 4. e3 c5 5. c3 Nc6 6. Nd2 Nxd2 7. Qxd2 cxd4 8.
exd4 Bf5 9. Nf3 e6 10. Bd3 Bxd3 11. Qxd3 Bd6 12. Bg3 a6 13. O-O h6 14. Rae1 O-O
15. Nd2 Bxg3 16. Qxg3 Ne7 17. Re2 Nf5 18. Qh3 Qa5 19. Nf3 Qxa2 20. g4 Ne7 21.
Ne5 Qa5 22. f4 Qd8 23. f5 Nc6 24. f6 Nxe5 25. dxe5 Qb6+ 26. Ref2 Qc7 27. Qh5
Rad8 28. fxg7 Kxg7 29. Rf6 Qc5+ 30. Kg2 Qe3 31. Rxf7+ Rxf7 32. Qxf7+ Kh8 33.
Qf6+ Kh7 34. Qe7+ 1-0

[Event "Chalkida op 2nd"]
[Site "Chalkida"]
[Date "1997.??.??"]
[Round "?"]
[White "Miladinovic, Igor"]
[Black "Atalik, Suat"]
[Result "1-0"]
[WhiteElo "2510"]
[BlackElo "2555"]
[PlyCount "155"]
[EventDate "1997.08.??"]
[EventType "swiss"]
[EventRounds "9"]
[EventCountry "GRE"]
[SourceTitle "EXT 2003"]
[Source "ChessBase"]
[SourceDate "2002.11.25"]
[SourceVersion "1"]
[SourceVersionDate "2002.11.25"]
[SourceQuality "1"]

1. d4 Nf6 2. Bg5 c6 3. Bxf6 exf6 4. e3 Na6 5. Bd3 d5 6. a3 Nc7 7. Qf3 Bd6 8.
Ne2 Ne6 9. h4 Qb6 10. b3 Qc7 11. Nd2 Qe7 12. c4 Bxa3 13. cxd5 cxd5 14. Qxd5 Bb4
15. Ra2 O-O 16. O-O g6 17. Qf3 f5 18. Nc4 Nc7 19. g3 b5 20. Ne5 Bd6 21. Nc6 Qe6
22. Na5 Bb4 23. Rc1 Bxa5 24. d5 Qb6 25. Rc6 Qb8 26. Rxa5 Bb7 27. Nd4 Qd8 28.
Bxb5 Nxd5 29. Ra1 Nb4 30. Rxg6+ hxg6 31. Qxb7 Qb6 32. Qf3 Nc2 33. Nxc2 Qxb5 34.
Nd4 Qe5 35. h5 a5 36. hxg6 fxg6 37. Qc6 Ra7 38. Qxg6+ Kh8 39. Qh6+ Kg8 40. Qb6
Rff7 41. Rc1 Rac7 42. Rxc7 Rxc7 43. Qg6+ Kh8 44. Qxf5 Rc1+ 45. Kg2 Qe7 46. Qh5+
Kg8 47. Qg6+ Kh8 48. Qh6+ Kg8 49. Qe6+ Qxe6 50. Nxe6 Kf7 51. Nd4 Kg6 52. f4 Kh5
53. Kf3 Rf1+ 54. Ke2 Rg1 55. Kf2 Rc1 56. e4 Rc3 57. e5 Rd3 58. Nc6 Rxb3 59.
Nxa5 Rc3 60. e6 Rc7 61. Kf3 Rc3+ 62. Ke4 Kg6 63. g4 Kf6 64. f5 Rg3 65. Kf4 Rg1
66. Nc4 Rf1+ 67. Ke4 Ra1 68. g5+ Ke7 69. Ne3 Kd6 70. Nc4+ Ke7 71. Ne5 Ra4+ 72.
Kf3 Kd6 73. Nf7+ Ke7 74. Nh6 Rb4 75. Ng8+ Kd6 76. e7 Rb8 77. f6 Ke6 78. g6 1-0

[Event "Elenite"]
[Site "Elenite"]
[Date "1995.??.??"]
[Round "6"]
[White "Miladinovic, Igor"]
[Black "Kolev, Atanas"]
[Result "1-0"]
[WhiteElo "2555"]
[BlackElo "2500"]
[Annotator "Dolmatov,S"]
[PlyCount "89"]
[EventDate "1995.09.??"]
[EventType "tourn"]
[EventRounds "9"]
[EventCountry "BUL"]
[EventCategory "15"]
[SourceTitle "CBM 050"]
[Source "ChessBase"]
[SourceDate "1996.02.01"]
[SourceVersion "1"]
[SourceVersionDate "1996.02.01"]
[SourceQuality "1"]

1. d4 Nf6 2. Bg5 Ne4 3. h4 d5 4. Nd2 Bf5 5. Nxe4 Bxe4 6. f3 h6 7. fxe4 hxg5 8.
Qd3 c6 {N} (8... e6 9. Qb5+ $2 Nc6 10. Qxb7 Nb4 {Hodgson,Ju-Salov,V/Wijk aan
Zee/1993/}) 9. Nf3 gxh4 10. exd5 (10. g3 e6 11. gxh4 {Miladinovic,I-Alterman,B/
Burgas/1995/}) 10... Qxd5 (10... cxd5 $5 11. Ne5 (11. e4 Nc6 12. exd5 Qxd5 13.
c4 Qa5+ 14. Kf2 e6 $13) 11... Nc6) 11. e4 Qa5+ 12. c3 Nd7 13. Qc4 $6 (13. g3 e6
14. gxh4 O-O-O $10) 13... e6 14. O-O-O Be7 15. Kb1 (15. g3 g5 16. gxh4 gxh4 17.
Bh3) 15... O-O-O 16. Be2 (16. d5 Nb6 $17) 16... Kb8 $17 17. Rdf1 c5 18. Qb3 (
18. d5 Nb6) 18... cxd4 $2 (18... Ka8 $17) 19. Nxd4 Nb6 (19... Ne5 20. Rxf7 Rxd4
21. Rxe7 $16) 20. Rxf7 Bf6 21. e5 $1 (21. Nxe6 Rd2 22. Bb5 a6) 21... Qxe5 22.
Bf3 Rd5 23. a4 (23. Bxd5 exd5 24. Nb5 h3 $40) 23... Qg5 24. Qc2 (24. a5 $2 Qg6+
25. Ka2) 24... Rd7 25. Nxe6 Qe3 26. Rxd7 Nxd7 27. Qb3 Qb6 28. Qxb6 (28. Qd5 $2
Bxc3) 28... axb6 (28... Nxb6 29. Nc5 g5 30. a5 Be7 31. Nxb7 Nc4 $10) 29. Nf4
Ne5 30. Bd1 g5 (30... Rd8 31. Nh5 Bg5 32. Nxg7 Rd2 33. Nf5 Nc4 34. Bc2 Rxg2 35.
Nxh4 $10) 31. Nd5 Bg7 $6 (31... Bd8 32. Ne3 $10) 32. Nxb6 Rd8 (32... g4 33. Nd5
$10) 33. Kc2 Ka7 34. a5 Rd3 $2 (34... Rf8 35. Rg1 Rf2+ $17) 35. Bf3 Rxf3 $6 (
35... Rd6 $14) 36. gxf3 Nxf3 37. Nd5 g4 38. Ne3 g3 39. Ng2 Bf6 40. Kd3 $18 Nh2
41. Nf4 Ng4 42. Nh3 Ne5+ 43. Ke2 Ka6 44. Rf1 Nd7 45. Rd1 1-0

[Event "SRB-chT"]
[Site "Subotica"]
[Date "2008.09.02"]
[Round "2"]
[White "Miladinovic, Igor"]
[Black "Kovacevic, Aleksandar"]
[Result "1-0"]
[WhiteElo "2571"]
[BlackElo "2585"]
[PlyCount "89"]
[EventDate "2008.09.01"]
[EventType "team"]
[EventRounds "11"]
[EventCountry "YUG"]
[SourceTitle "CBM 126 Extra"]
[Source "ChessBase"]
[SourceDate "2008.11.05"]
[SourceVersion "1"]
[SourceVersionDate "2008.11.05"]
[SourceQuality "1"]

1. d4 Nf6 2. Bg5 e6 3. e3 c5 4. c3 cxd4 5. exd4 Be7 6. Bxf6 Bxf6 7. Nd2 b6 8.
Ngf3 Bb7 9. Bd3 O-O 10. Qe2 Nc6 11. h4 Ne7 12. Ng5 g6 13. Qg4 Nf5 14. Nde4 Bxe4
15. Nxe4 h5 16. Nxf6+ Qxf6 17. Qg5 Kg7 18. a4 a5 19. Qxf6+ Kxf6 20. Kd2 Rfc8
21. g3 Ra7 22. Rhe1 d5 23. Ra3 Nd6 24. Rb3 Rc6 25. Ke3 Ra8 26. Kf4 Rb8 27. f3
Rh8 28. Ra3 Rc7 29. Raa1 Rc6 30. Re5 Rc7 31. Rh1 Nc4 32. Re2 Rc6 33. g4 hxg4
34. fxg4 Rxh4 35. Rxh4 g5+ 36. Kg3 gxh4+ 37. Kxh4 Rc8 38. g5+ Ke7 39. Kg4 Rh8
40. Bxc4 dxc4 41. d5 Rh1 42. dxe6 fxe6 43. Rf2 e5 44. Kf5 Rg1 45. Rd2 1-0

[Event "Elenite"]
[Site "Elenite"]
[Date "1995.??.??"]
[Round "2"]
[White "Miladinovic, Igor"]
[Black "Dolmatov, Sergey"]
[Result "1-0"]
[WhiteElo "2555"]
[BlackElo "2615"]
[Annotator "Giese"]
[PlyCount "102"]
[EventDate "1995.09.??"]
[EventType "tourn"]
[EventRounds "9"]
[EventCountry "BUL"]
[EventCategory "15"]
[SourceTitle "CBM 050"]
[Source "ChessBase"]
[SourceDate "1996.02.01"]
[SourceVersion "1"]
[SourceVersionDate "1996.02.01"]
[SourceQuality "1"]

1. d4 {Baburin} Nf6 2. Bg5 e6 3. Nf3 h6 4. Bh4 c5 5. e3 cxd4 6. exd4 Be7 7. Bd3
b6 8. O-O Bb7 9. Nbd2 d6 10. Bxf6 Bxf6 11. a4 O-O 12. c3 a5 13. Re1 Nd7 14. Ne4
Be7 15. Bb1 Re8 16. Ng3 Nf6 17. Qd3 Bf8 18. h4 g6 19. h5 g5 20. Ba2 Bg7 21. c4
d5 22. Ne5 Qd6 23. Rac1 dxc4 24. Bxc4 Rad8 $2 $16 {Baburin: In this position,
characteristic for formation with the isolated d-pawn, White has a standard
strike available. It's important to notice that the position of the pawn on h5
makes the following combination possible.} 25. Nxf7 $1 {[%csl Rg6][%cal Gc4f7,
Gd3g6]} Kxf7 (25... Qc6 {[%csl Rg2][%cal Yc6g2]} 26. d5 $1 Rxd5 (26... exd5 27.
Nxd8 dxc4 (27... Rxe1+ 28. Rxe1 dxc4 {[%csl Rg2][%cal Yc6g2]} 29. Qf1 Qc7 30.
Nxb7 Qxb7 31. Qxc4+ $18) 28. Qxc4+ Qxc4 29. Rxe8+ $18) 27. Bxd5 Qxd5 28. Qxd5
Bxd5 29. Nd6 {+/-/(+-)}) 26. Qg6+ Kf8 (26... Kg8 27. Nf5 $18) (26... Ke7 27.
Qxg7#) 27. Nf5 $1 {[%csl Rd6,Rg7]} Qd7 (27... exf5 $2 28. Qf7#) (27... Qc7 28.
Bxe6 Rxe6 (28... Bc6 29. Rxc6 $18) 29. Rxc7 Rxe1+ 30. Kh2 Ng4+ 31. Kg3 Be5+ 32.
dxe5 Rd3+ 33. f3 Rxf3+ 34. Kxg4 Rf4+ 35. Kg3 Rf3+ 36. gxf3 $18) 28. Bb5 (28.
Bxe6 $1 Rxe6 29. Rxe6 Qxe6 (29... Nxh5 30. Rd6 Qe8 31. Rc7 Qxg6 32. Rxd8+ $18)
30. Qxg7+ Ke8 31. Qxb7 {[%cal Yf5g7]} Nxh5 32. Qh7 $40 {+-}) 28... exf5 29.
Rxe8+ Nxe8 30. Bxd7 Rxd7 31. Qxb6 $36 {[%csl Ga4,Gb2,Gd4,Ra5]} f4 32. Qxa5 $18
f3 33. gxf3 Bf6 34. Re1 Ng7 35. Qb5 Rf7 36. d5 Nxh5 37. Re6 Kg7 38. a5 Nf4 39.
Rd6 Bc8 40. a6 Be5 41. Re6 Bd4 42. Qc4 Bxe6 43. dxe6 Nxe6 44. Qxe6 Ba7 45. Kg2
Rf6 46. Qe7+ Rf7 47. Qe5+ Kg6 48. b4 h5 49. b5 h4 50. Qe6+ Rf6 51. Qg8+ Kh6 1-0

[Event "Kostic Memorial 14th"]
[Site "Vrsac"]
[Date "2006.09.19"]
[Round "7"]
[White "Miladinovic, Igor"]
[Black "Delchev, Aleksander"]
[Result "1-0"]
[WhiteElo "2584"]
[BlackElo "2637"]
[PlyCount "107"]
[EventDate "2006.09.12"]
[EventType "tourn"]
[EventRounds "9"]
[EventCountry "YUG"]
[EventCategory "13"]
[SourceTitle "CBM 115"]
[Source "ChessBase"]
[SourceDate "2006.11.15"]
[SourceVersion "1"]
[SourceVersionDate "2006.11.15"]
[SourceQuality "1"]

1. d4 Nf6 2. Bg5 e6 3. e3 c5 4. c3 b6 5. Nd2 Bb7 6. Ngf3 Be7 7. Bd3 Nc6 8. a3
cxd4 9. cxd4 Nd5 10. Ne4 Qb8 11. Bxe7 Ncxe7 12. Ne5 f6 13. Nc4 O-O 14. O-O f5
15. Ned2 Ng6 16. Nf3 Nf6 17. h3 Bd5 18. Rc1 b5 19. Ncd2 a6 20. Rc5 d6 21. Rc3
Qb7 22. Qc2 Rfc8 23. Rc1 Ne7 24. Ne1 h6 25. Bf1 Ne4 26. Nxe4 fxe4 27. Be2 Rxc3
28. Qxc3 Rc8 29. Qd2 Rxc1 30. Qxc1 Qc6 31. Qd1 Nc8 32. g3 Nb6 33. Ng2 Na4 34.
Qd2 g5 35. h4 Kg7 36. hxg5 hxg5 37. Ne1 Kf6 38. Kg2 Ke7 39. Nc2 Qc8 40. Nb4 Bb7
41. d5 e5 42. Qe1 Nb6 43. Qh1 Qg8 44. Kg1 Nxd5 45. Qxe4 Ba8 46. Qc2 Kf6 47.
Nxa6 Qh8 48. e4 Qh7 49. Qd3 Qb7 50. exd5 Qxa6 51. Bg4 Kg7 52. Be6 Qa4 53. b4
Bb7 54. Qf3 1-0

[Event "Cutro op 10th"]
[Site "Cutro"]
[Date "2004.05.01"]
[Round "9"]
[White "Miladinovic, Igor"]
[Black "Zelcic, Robert"]
[Result "1-0"]
[WhiteElo "2614"]
[BlackElo "2509"]
[PlyCount "47"]
[EventDate "2004.04.23"]
[EventType "swiss"]
[EventRounds "9"]
[EventCountry "ITA"]
[SourceTitle "EXT 2007"]
[Source "ChessBase"]
[SourceDate "2006.11.23"]
[SourceVersion "1"]
[SourceVersionDate "2006.11.23"]
[SourceQuality "1"]

1. d4 Nf6 2. Bg5 d5 3. e3 c6 4. Bd3 Qd6 5. Nd2 e5 6. dxe5 Qxe5 7. Ngf3 Qd6 8.
Qe2 Be7 9. O-O-O Be6 10. e4 dxe4 11. Nxe4 Nxe4 12. Qxe4 Qd5 13. Qh4 Qc5 14.
Rhe1 Nd7 15. Rxe6 fxe6 16. Bg6+ hxg6 17. Qxh8+ Nf8 18. h4 Bxg5+ 19. Nxg5 Qe5
20. g3 Ke7 21. Qg8 Qf6 22. Rd3 Qxf2 23. Qxg7+ Ke8 24. b3 1-0

[Event "Valle d'Aosta op 11th"]
[Site "Saint Vincent"]
[Date "2003.02.14"]
[Round "7"]
[White "Miladinovic, Igor"]
[Black "Pavlovic, Milos"]
[Result "1-0"]
[WhiteElo "2526"]
[BlackElo "2560"]
[PlyCount "95"]
[EventDate "2003.02.08"]
[EventType "swiss"]
[EventRounds "9"]
[EventCountry "ITA"]
[SourceTitle "CBM 092 Extra"]
[Source "ChessBase"]
[SourceDate "2003.03.07"]
[SourceVersion "1"]
[SourceVersionDate "2003.03.07"]
[SourceQuality "1"]

1. d4 Nf6 2. Bg5 e6 3. e3 c5 4. c3 cxd4 5. exd4 Be7 6. Bxf6 Bxf6 7. Nd2 O-O 8.
Ngf3 Nc6 9. Bd3 g6 10. Qe2 Qc7 11. h4 d5 12. Bb5 e5 13. Bxc6 bxc6 14. Nxe5 Re8
15. O-O Bxe5 16. dxe5 Rxe5 17. Qf3 Ba6 18. Rfe1 Rae8 19. Rxe5 Qxe5 20. Qg4 Qf6
21. Qg3 Kg7 22. Rd1 Re7 23. a4 c5 24. Nf3 d4 25. Qg5 Be2 26. Re1 Qxg5 27. hxg5
d3 28. Nd2 Re5 29. f3 Rxg5 30. b4 cxb4 31. cxb4 Rd5 32. Kf2 Kf6 33. Ke3 Ke6 34.
Rc1 Re5+ 35. Kf2 Rg5 36. b5 h5 37. Ke3 Re5+ 38. Kd4 Rd5+ 39. Kc4 Kd6 40. Kb3
Rg5 41. Rc6+ Kd5 42. a5 Kd4 43. Kb4 Ke3 44. b6 axb6 45. axb6 Kxd2 46. b7 Rb5+
47. Kxb5 Ke3 48. Rc3 1-0

[Event "Quebec op"]
[Site "Montreal"]
[Date "2000.??.??"]
[Round "7"]
[White "Miladinovic, Igor"]
[Black "Grigoriants, Sergey"]
[Result "1-0"]
[WhiteElo "2563"]
[BlackElo "2503"]
[PlyCount "67"]
[EventDate "2000.07.22"]
[EventType "swiss"]
[EventRounds "9"]
[EventCountry "CAN"]
[SourceTitle "EXT 2002"]
[Source "ChessBase"]
[SourceDate "2001.11.25"]
[SourceVersion "1"]
[SourceVersionDate "2001.11.25"]
[SourceQuality "1"]

1. d4 Nf6 2. Bg5 g6 3. Bxf6 exf6 4. e3 Bg7 5. c4 O-O 6. Nc3 d6 7. g3 Bd7 8. Bg2
Bc6 9. Nf3 f5 10. h4 a6 11. a4 a5 12. h5 Na6 13. Kf1 Nb4 14. Ne1 Re8 15. Bf3
Qg5 16. Nd5 Bxd5 17. cxd5 Qf6 18. Rc1 Re7 19. Nd3 Nxd3 20. Qxd3 Rae8 21. Qb5 g5
22. Rxc7 f4 23. gxf4 gxf4 24. e4 Qxd4 25. Rxe7 Rxe7 26. Qxa5 Re8 27. h6 Qd3+
28. Kg2 Bxb2 29. Qb6 Be5 30. Rh5 Kh8 31. Rxe5 Rg8+ 32. Kh2 Qxf3 33. Rg5 Rc8 34.
Qd4+ 1-0

[Event "Nova Gorica op-A 08th"]
[Site "Nova Gorica"]
[Date "2003.02.05"]
[Round "8"]
[White "Miladinovic, Igor"]
[Black "Atalik, Suat"]
[Result "1-0"]
[WhiteElo "2526"]
[BlackElo "2581"]
[Annotator "Atalik,S"]
[PlyCount "67"]
[EventDate "2003.01.31"]
[EventType "swiss"]
[EventRounds "9"]
[EventCountry "SLO"]
[SourceTitle "EXT 2004"]
[Source "ChessBase"]
[SourceDate "2003.11.25"]
[SourceVersion "1"]
[SourceVersionDate "2003.11.25"]
[SourceQuality "1"]

1. d4 Nf6 2. Bg5 {Trompowsky.} e6 3. e3 h6 4. Bh4 Nc6 $5 {A new but possibly
not sound concept.} 5. Nd2 d6 6. Bb5 Bd7 7. c3 g5 8. Bg3 Qe7 9. h4 {It looks
as if white will get the h line but eventually this line may still go to black.
Thus} Rg8 $1 10. hxg5 hxg5 11. e4 O-O-O 12. Qe2 Bg7 13. f3 Rh8 {What I have
mentioned on the 9th move became true.} 14. Rxh8 Rxh8 15. O-O-O Nh5 ({Also
possible is} 15... a6 16. Bxa6 bxa6 17. Qxa6+ Kb8 18. Bf2 d5 19. Bg3 Qe8 20.
Qb6+ Ka8 21. Bxc7 Qc8 22. Nh3 Ne8 $17) 16. Bf2 Nf4 17. Qf1 a6 $5 {An extremely
risky move.} (17... Nb8 18. Bxd7+ Nxd7 19. Be3 Ng6 20. Nh3 Bh6 $14) (17... Rh1
18. Be3 Ng6 19. g3 Rh2 20. Nh3 e5 21. Nxg5 exd4 22. cxd4 Bxd4 23. Bxd4 Nxd4 24.
Bxd7+ Qxd7 $40 {would have been the normal continuation.}) 18. Bxa6 (18. Ba4
Rh2 $36 {After this moves it is appearant that the white bishop is on the
wrong diagonal.}) 18... bxa6 19. g3 {Because of the fork on d3 white has to
first kick Nf4 away.} (19. Qxa6+ $2 Kd8 20. Qa8+ (20. g3 Nb8 $19) 20... Bc8 21.
Nb3 Qe8 $17) 19... Nb4 $1 {The point behind blacks play.} 20. gxf4 Bb5 21. c4
Ba4 22. b3 Rh2 $1 {Burning all the bridges behind!} 23. Kb1 Bd7 $2 {Too timid.
I have lost my head in the complications.} (23... gxf4 $1 24. bxa4 (24. a3 $2
d5 25. bxa4 $2 (25. axb4 $2 Qxb4 26. cxd5 (26. Kb2 Bxd4+ 27. Bxd4 Qxb3+ 28. Ka1
Qa3+ 29. Kb1 Bxd1 30. Qxd1 Qd3+ 31. Kc1 Qxd4 $19) 26... Bxb3 27. Qxa6+ (27.
Nxb3 Qxb3+ 28. Kc1 Qa2 $19) 27... Kb8 $19) (25. exd5 $2 Nxd5 $1 26. cxd5 Bb5
27. Qe1 Qxa3 28. Kc2 Qa2+ 29. Kc3 Qa5+ (29... e5 30. Ne2 exd4+ 31. Nxd4 c5 32.
dxc6 (32. Qg1 cxd4+ 33. Bxd4 Qa5+ 34. Kc2 Qc7+ 35. Kb2 Rg2 $1 $19) 32... Qa5+
33. Kc2 (33. Kb2 Bxd4+ 34. Bxd4 Re2 35. Qg1 Rxd2+ 36. Rxd2 Qxd2+ $17) 33...
Qa2+ $11) 30. Kc2 (30. Kb2 Qb4) 30... exd5 $5 $40) (25. Nh3 $2 dxe4 26. Bg1 Nc6
$3 27. Bxh2 Qxa3 $19 {and the attack is too strong.}) (25. e5 $1 dxc4 26. bxa4
Rxf2 (26... Nd3 $6 27. Nxc4 Nxf2 28. Rd2 Qh4 29. Na5 $40) 27. Qxc4 (27. Qxf2
Nd3 28. Qe2 Qxa3 29. Nxc4 Qb3+ 30. Ka1 Qxa4+ $11) 27... Nd5 28. Qxa6+ Kd8 29.
Ne4 Qxa3 30. Nxf2 Qb3+ 31. Kc1 Qc3+ 32. Kb1 Qb3+ $11) 25... Rxf2 $3 26. Qxf2
Nd3 27. Qe2 Qxa3 $19) (24. Nh3 $2 Bd7 25. Bg1 Qf6 $3 {This I have seen in the
game.} 26. a3 Nc6 27. c5 Rxh3 (27... Nxd4 $19 {also gives black a huge edge!})
28. Qxh3 Nxd4 $19) 24... Qd7 25. Nb3 Qxa4 26. Qe2 (26. Rd2 Nxa2 27. Kb2 (27.
Rxa2 $2 Qxb3+ 28. Rb2 Rxf2 $3 {The trick!} 29. Qxf2 Qd1+ 30. Ka2 Bxd4 $19)
27... Nb4 28. Ne2 Qa2+ 29. Kc3 Qa3 30. Bg1 Rh1 31. Qa1 (31. Qg2 Na2+ 32. Rxa2
Qxa2 33. Qxh1 Qxe2 $44) 31... Bxd4+ 32. Nexd4 Qxa1+ 33. Nxa1 Rxg1 34. Kxb4 c5+
35. Kb3 cxd4 36. Nc2 e5 37. Nb4 Rb1+ 38. Ka4 Rf1 39. Rd3 Kb7 40. Rb3 Kb6 41.
Nd3+ Kc7 42. Nb2 Rb1 $44) 26... Bf6 27. Rf1 Bh4 28. d5 c6 $1 29. dxc6 (29. dxe6
fxe6 30. c5 (30. e5 Nxa2 31. Kb2 dxe5 (31... Nb4 32. Ra1) 32. Qxe5 Bxf2 33.
Qxe6+ Kb8 $11) 30... Nxa2 31. Qxa2 Qxa2+ 32. Kxa2 Bxf2 33. Ka3 Be3 $1 $19 {
How to meet the threat of34... Rh1.}) 29... Qxc6 30. Qd2 Rxf2 31. Rxf2 Bxf2 32.
Qxf2 Qxc4 33. Qe2 Qc3 34. Nh3 $16) (23... d5 $6 24. Bg3 (24. a3 dxc4 25. bxa4
Nd3 26. Nxc4 Nxf2 27. Rd2 Qd7 28. e5 (28. Na5 Qd6 29. Nb3 Ng4 30. fxg4 Rxd2 31.
Nxd2 Qxd4 32. Kc1 Qd6 $44) 28... Qxa4 29. Nb2 Qxa3 30. Rxf2 Rxf2 31. Qxf2 gxf4
32. Ne2 $18) (24. bxa4 Qd7 25. a3 Qxa4 26. axb4 Rxf2 (26... Qxb4+ $2 27. Kc2
Qa4+ 28. Kc3 Rxf2 29. Qxf2 Qxd1 30. exd5 $18) 27. Qxf2 Qxd1+ 28. Kb2 Qa4 29.
cxd5 Qxb4+ 30. Nb3 a5 $44) 24... Qf6 25. Ne2 Rxe2 26. Qxe2 Qxd4 27. e5 gxf4 28.
Nf1 Qc3 29. Be1 Nxa2 30. Qxa2 Qxb3+ 31. Qxb3 Bxb3 32. Rc1 Bxc4 33. Bc3 $18 {
Practically rook seems to be better in this case than 4 pawns.}) 24. a3 Nc6 25.
c5 ({Also good was} 25. Ne2 gxf4 26. Qg1 Rh7 27. Nxf4 $16) 25... dxc5 {I could
have sacrificed the exchange right away.} (25... Rxf2 $5 26. Qxf2 dxc5 27. Qg2
(27. Qf1 Kb7) (27. dxc5 Qf6 28. e5 Qxf4 $44) 27... cxd4 (27... Nxd4 28. Qxg5 (
28. fxg5 $2 Nb5 29. Rc1 Qd6 30. Nc4 Qd3+ 31. Ka2 Nc3+ 32. Rxc3 Qxc3 33. Qb2
Qxb2+ 34. Nxb2 $11) 28... Qxg5 29. fxg5 Nxb3 30. Nxb3 Ba4 31. Rc1 Bxb3 32. Rxc5
Bd4 33. Rc1 $16) 28. Nc4 (28. Qxg5 Qxa3 29. Ne2 Nb4 30. Nc1 Bb5 31. Nf1 Bxf1
32. Rxf1 d3 33. Qxg7 d2 $17) 28... f6 29. Nh3 gxf4 30. Nxf4 Ne5 31. Rxd4 Nxc4
32. Rxc4 Qxa3 33. Rc3 $16) 26. Bg3 c4 $4 {What a howler!} (26... Rxd2 27. Qxa6+
Kb8 28. Rxd2 Nxd4 29. f5 Bc8 30. Qb6+ Bb7 31. fxe6 fxe6 32. Rd3 e5 33. Qg6 Bc8
$16 {and black still shows a fight.}) 27. Bxh2 Qxa3 28. Nxc4 Qxb3+ 29. Nb2 Nb4
(29... Bxd4 30. Qxa6+ Kb8 31. Qa2 {was one of many things I have missed in
this game.}) 30. Qc4 $18 {The rest is an agony.} Qa3 31. fxg5 e5 32. Rc1 {
Even simpler than the immediate capture.} (32. Qxf7 Bb5) 32... c6 33. Rc3 (33.
Qxf7 Nd3 34. Rc2 $18) 33... Qa5 34. Qb3 {Curtains!} 1-0

[Event "Thessaloniki Tower op"]
[Site "Thessaloniki"]
[Date "1999.11.17"]
[Round "5"]
[White "Miladinovic, Igor"]
[Black "Marjanovic, Slavoljub"]
[Result "1-0"]
[WhiteElo "2501"]
[BlackElo "2508"]
[PlyCount "107"]
[EventDate "1999.??.??"]
[EventType "swiss"]
[EventRounds "9"]
[EventCountry "GRE"]
[SourceTitle "EXT 2002"]
[Source "ChessBase"]
[SourceDate "2001.11.25"]
[SourceVersion "1"]
[SourceVersionDate "2001.11.25"]
[SourceQuality "1"]

1. d4 Nf6 2. Bg5 e6 3. e4 h6 4. Bxf6 Qxf6 5. Nc3 Bb4 6. Nf3 d6 7. Qd2 c5 8. a3
Bxc3 9. Qxc3 Nc6 10. e5 Qf4 11. dxc5 Qe4+ 12. Be2 dxe5 13. Qd2 Qd5 14. Qe3 Nd4
15. O-O-O Nxe2+ 16. Qxe2 Qxc5 17. Nxe5 O-O 18. Rhe1 a5 19. Rd3 b5 20. Rc3 Qd4
21. Rd1 Qf4+ 22. Kb1 b4 23. Rf3 Qh4 24. Rxf7 Rxf7 25. Nxf7 bxa3 26. Qf3 Qf6 27.
Nxh6+ Kh7 28. Qxf6 gxf6 29. Ng4 Kg6 30. bxa3 Bb7 31. Ne3 Rh8 32. h3 f5 33. Rd6
Kf6 34. Rb6 Ba8 35. Kc1 Rg8 36. g3 Bf3 37. Ra6 Rh8 38. h4 f4 39. gxf4 Rxh4 40.
f5 Rh2 41. Rxe6+ Kg5 42. Rg6+ Kh5 43. Ra6 Rxf2 44. Rxa5 Be4 45. Re5 Rf4 46. a4
Kg5 47. a5 Kf6 48. Re6+ Kf7 49. Re5 Kf6 50. Rc5 Rf3 51. Kd2 Rf2+ 52. Kc3 Rf3
53. Kd4 Rf4 54. Nd5+ 1-0

[Event "EU-ch blitz"]
[Site "Cannes"]
[Date "2006.02.19"]
[Round "6"]
[White "Miladinovic, Igor"]
[Black "Cvitan, Ognjen"]
[Result "1-0"]
[WhiteElo "2607"]
[BlackElo "2528"]
[PlyCount "111"]
[EventDate "2006.02.12"]
[EventType "swiss (blitz)"]
[EventRounds "12"]
[EventCountry "FRA"]
[SourceTitle "EXT 2007"]
[Source "ChessBase"]
[SourceDate "2006.11.23"]
[SourceVersion "1"]
[SourceVersionDate "2006.11.23"]
[SourceQuality "1"]

1. d4 Nf6 2. Bg5 d5 3. e3 c5 4. Bxf6 gxf6 5. c4 cxd4 6. exd4 dxc4 7. Bxc4 Bg7
8. Nc3 O-O 9. Nge2 f5 10. O-O Nc6 11. Bd5 Bd7 12. Bf3 Rc8 13. Qd2 e5 14. dxe5
Nxe5 15. Bxb7 Nc4 16. Qf4 Be5 17. Qh6 Rb8 18. Bd5 Nxb2 19. Bb3 Qf6 20. Qxf6
Bxf6 21. Rab1 Nd3 22. Rbd1 Nc5 23. Bd5 Rfd8 24. Bf3 Be6 25. Nd5 Bxd5 26. Bxd5
Be5 27. f4 Bc7 28. Ng3 Kf8 29. Nxf5 Na4 30. Bb3 Bb6+ 31. Kh1 Nc3 32. Rde1 Rd7
33. h4 Rbd8 34. Rf3 Nb5 35. Kh2 Nd4 36. Nxd4 Rxd4 37. g3 Rd2+ 38. Kh3 Rb2 39.
h5 Rbd2 40. Re5 R2d3 41. Rxd3 Rxd3 42. Rf5 Rd7 43. Kg4 Kg7 44. Rg5+ Kf8 45. h6
Rd6 46. Rf5 Rg6+ 47. Kf3 f6 48. g4 Rxh6 49. g5 Rg6 50. gxf6 Bd4 51. f7 Rd6 52.
Rb5 Bb6 53. Rg5 Ke7 54. Rg8 Rd8 55. f5 Rd3+ 56. Ke4 1-0

[Event "Brussels op"]
[Site "Brussels"]
[Date "1995.??.??"]
[Round "?"]
[White "Milov, Vadim"]
[Black "Chuchelov, Vladimir"]
[Result "1-0"]
[WhiteElo "2580"]
[BlackElo "2530"]
[PlyCount "89"]
[EventDate "1995.04.??"]
[EventType "swiss"]
[EventRounds "9"]
[EventCountry "BEL"]
[SourceTitle "EXT 1997"]
[Source "ChessBase"]
[SourceDate "1996.11.15"]
[SourceVersion "1"]
[SourceVersionDate "1996.11.15"]
[SourceQuality "1"]

1. d4 Nf6 2. Bg5 e6 3. e4 h6 4. Bxf6 Qxf6 5. Nc3 d6 6. Qd2 g5 7. O-O-O Bg7 8.
g3 Nc6 9. Bb5 Bd7 10. Nge2 a6 11. Bxc6 Bxc6 12. Qe3 O-O-O 13. f4 Kb8 14. Rhf1
Qg6 15. Qd3 f5 16. exf5 Qxf5 17. Qc4 g4 18. d5 exd5 19. Nxd5 Qf7 20. Qb3 Rhe8
21. Nec3 Bxc3 22. Nxc3 Qh5 23. Rd2 d5 24. Rfd1 d4 25. Ne2 d3 26. Nc3 Bf3 27.
Rf1 dxc2 28. Qxc2 b5 29. Rxd8+ Rxd8 30. Re1 Qc5 31. a3 Qd4 32. Kb1 Rd6 33. Re8+
Kb7 34. Re5 Rc6 35. Ka2 Bd5+ 36. Kb1 Bc4 37. Qc1 Qf2 38. Qh1 Kb6 39. Re8 Bb3
40. Re2 Qd4 41. Qe1 Qd3+ 42. Ka1 Rd6 43. Qc1 a5 44. Re5 Qc4 45. Qe3+ 1-0